00250 a2200121 4500001000700000020000600007040001100013100001800024240003700042245003200079362000900111440000800120175590 a  cMagnum aJelin, Israel10aThe farmer and the bogeymanlING10aThe farmer and the bogeyman0 a1899 1aFTD